| 000 | 01106nam a2200265 a 4500 | ||
|---|---|---|---|
| 001 | BRCA_7298 | ||
| 005 | 20190320205802.0 | ||
| 008 | 190412s1946----mx-#######---#000-0#spa-# | ||
| 041 | _aspa | ||
| 044 | _amx | ||
| 050 | 4 |
_aZ1007 _b.B65 2 1946 |
|
| 245 | 1 | 0 | _aBoletín bibliográfico del Departamento de Biblioteca, Archivos Económicos y Publicaciones. |
| 260 |
_aMéxico _bSecretaría de Hacienda y Crédito Público. Dirección de Estudios Financieros, Departamento de Biblioteca y Archivos Económicos _c1946 |
||
| 300 |
_a2 v. _c22 cm. |
||
| 500 | _aEstado físico: presentan lomo deteriorado | ||
| 500 | _aBoletín inventariado por Banco de México como libro | ||
| 500 | _aVer también I145, Q51 y Q91 | ||
| 500 | _aQ25 | ||
| 505 | 0 | _aContenido: v.1. No. 33, enero y febrero, 1946. -- v.2. No. 34, marzo y abril, 1946 | |
| 610 | 2 | 4 |
_aDepartamento de Biblioteca, Archivos Económicos y Publicaciones (México) _918057 |
| 650 | 1 | 4 |
_aBibliografía _vPublicaciones periódicas _918058 |
| 710 | 2 |
_aSecretaría de Hacienda y Crédito Público (México) _93608 |
|
| 902 | _aGFM | ||
| 942 |
_2lcc _cB |
||
| 999 |
_c6974 _d6974 |
||